000 00945nas a2200241 i 4500
003 DO-SdBNP
005 20251217111229.0
007 ta
008 250917e1982 dr dn|per||||||0| |0spa d
040 _aDO-SdBNP
_bspa
_cBNPHU
_erda
041 _aspa
245 _aYa :
_blo que se debe decir.
264 _aSantiago de los Caballeros, República Dominicana :
_bEditora del Valle,
_c1982.
300 _avolumen :
_bilustraciones, fotografías ;
_c36 cm.
310 _aDiario.
336 _atexto
_btxt
_2rdacontent
337 _asin mediación
_bn
_2rdamedia
338 _avolumen
_bnc
_2rdacarrier
362 _aAño 1, Número 62, julio 1982.
500 _aYa, es una publicación diaria de Editora del Valle, C. por A., con domicilio social en la calle Benito Mención esquina 27 de Febrero. Santiago, República Dominicana.
650 0 _aDiarios dominicanos
_91041
_vPublicaciones periódicas
_zRepública Dominicana
942 _2ddc
_cISSUE
999 _c59883
_d59883